Statistics for Lana Del Rey - Doin' Time Lyrics

Click here to take the quiz!

General Stats

  • This quiz has been taken 45 times
  • The average score is 243 of 317

Answer Stats

Answer% Correct
a
100%
I
100%
L
100%
the
100%
The
100%
and
98%
And
98%
C
95%
M
95%
easy
93%
G
93%
me
93%
Me
93%
Summertime
93%
(Summertime)
93%
B
90%
we
90%
in
85%
On
85%
on
85%
She
85%
she
85%
That
85%
that
85%
to
85%
Evil
80%
evil
80%
gonna
80%
dance
78%
gets
78%
most
78%
So
78%
so
78%
all
75%
All
75%
got
75%
(Harder
75%
harder
75%
her
75%
it
75%
microphone
75%
My
75%
my
75%
people
75%
represent
75%
run
75%
she's
75%
tell
75%
this
75%
with
75%
girl
73%
love
73%
rhythm
73%
you
73%
agree
70%
but
70%
for
70%
like
70%
relationship
70%
shit
70%
treats
70%
well
70%
we're
70%
will
70%
bad
68%
come
68%
definitely
68%
party
68%
head
65%
qualified
65%
when
65%
be
60%
it's
60%
livin's
60%
Ras
60%
underwater
60%
getting
58%
hold
58%
I'm
58%
Oh
58%
scandalous
58%
there's
58%
what
58%
Bradley's
55%
tension
55%
doin'
53%
from
53%
home
53%
left
53%
take
53%
burning
50%
how
50%
Louie
50%
off
50%
eyes
48%
hotter
48%
I'd
48%
over
48%
play
48%
sun
48%
them
48%
we've
48%
am
45%
lockdown
45%
myself
45%
none
45%
rise
45%
Show
45%
some
45%
while?
45%
day
43%
ornery
43%
Said
43%
veil
43%
yeah)
43%
yeah
43%
(Ah
40%
ah
40%
ah)
40%
lovin'
40%
penitentiary
40%
shelf
40%
spreads
40%

Score Distribution

Percentile by Number Answered

Percent of People with Each Score

Your Score History

You have not taken this quiz